Biggest Cities in Europe by Letter - D - Statistics

General Stats
  • This quiz has been taken 92 times
  • The average score is 7 of 13
Answer Stats
Pop. Country Answer % Correct
1,42m Ireland Dublin
100%
828k Germany Dresden
79%
1,43m Ukraine Donetsk
78%
601k Germany Dortmund
73%
1,36m Ukraine Dnipro
72%
365k France Dijon
66%
495k Germany Duisburg
61%
280k United Kingdom Derby
54%
214k Hungary Debrecen
52%
161k United Kingdom Dundee
48%
195k Germany Darmstadt
34%
428k Spain Donostia
18%
248k Russia Dzerzhinsk
6%
No matching quizzes found
Score Distribution
Percent of People with Each Score
Percentile by Number Answered
Your Score History
You have not taken this quiz